| 000 | 00734nam a2200229 a 4500 | ||
|---|---|---|---|
| 005 | 20210219160309.0 | ||
| 008 | 081007s2000 mx r 000 0 spa d | ||
| 020 | _a0827032765 | ||
| 035 | _aUPN01000162714 | ||
| 049 | _aUNE | ||
| 080 | _a82 (091) (861) COL No.34. | ||
| 245 | 0 | 0 |
_aColombia : _bliteratura y cultura del siglo XX / _ced. por Isabel Rodríguez Vergara. |
| 260 |
_aColombia : _bOEA, _1995. |
||
| 300 | _a231 p. | ||
| 440 | 0 |
_aInteramer. _pCultura ; _v34 |
|
| 500 | _aIncluye bibliografía | ||
| 690 | _aLiteratura contemporanea - Colombia | ||
| 690 | _aColombia - Literatura contemporanea | ||
| 700 | 1 |
_a.Rodríguez Vergara, Isabel, _eed. |
|
| 710 | 2 | _aOrganización de los Estados Americanos | |
| 905 | _aUNESCO | ||
| 999 |
_c134827 _d134827 |
||